000 00295nam a22001337a 4500
008 171101b xxu||||| |||| 00| 0 eng d
020 _a9781557862457
041 _aeng
080 _a339.9
100 _a59
101 _aGLO
245 _aGLOBAL BANKING STRATEGY
_cCARMOY,H
942 _2udc
_cBK
999 _c37131
_d37131